00498 2200181 4500001002100000005001500021035002000036245007900056100001800135300002100153700001800174260003700192082000800229084001400237020002200251600001800273990002500291INLIS00000000000080020251120025728 a0010-11250003791 aPengetahuan Popular :bSeri Anak Cerkis (Cerdas & Kritis) /cHotimah, S.Pd0 aHotimah, S.Pd a240 hlm ;c21 cm0 aHotimah, S.Pd aYogyakarta :bSabda Media,c2013 a081 a081 HOT p a978-979-15708-3-1 4aHotimah, S.Pd a2013/SMKMIRI/757/002